Passages 2 : An upper-level multi-skills course (teacher's manual)
Guardado en:
| Autor principal: | |
|---|---|
| Formato: | Libro |
| Lenguaje: | Undetermined |
| Publicado: |
Cambridge, UK
Cambridge Univ. Press
1998
|
| Materias: | |
| Etiquetas: |
Agregar Etiqueta
Sin Etiquetas, Sea el primero en etiquetar este registro!
|
| Thư viện lưu trữ: | Trung tâm Học liệu Trường Đại học Cần Thơ |
|---|
| LEADER | 00609nam a2200205Ia 4500 | ||
|---|---|---|---|
| 001 | CTU_57603 | ||
| 008 | 210402s9999 xx 000 0 und d | ||
| 020 | |b 215000 | ||
| 082 | |a 428.24 | ||
| 082 | |b R516/T2 | ||
| 100 | |a Jack C. Richards | ||
| 245 | 0 | |a Passages 2 : An upper-level multi-skills course (teacher's manual) | |
| 245 | 0 | |c Jack C. Richards and Chuck Sandy | |
| 260 | |a Cambridge, UK | ||
| 260 | |b Cambridge Univ. Press | ||
| 260 | |c 1998 | ||
| 650 | |a english language | ||
| 650 | |x textbooks for foreign speakers | ||
| 904 | |i Minh | ||
| 980 | |a Trung tâm Học liệu Trường Đại học Cần Thơ | ||